| 000 | 00618nam a2200205 a 4500 | ||
|---|---|---|---|
| 001 | BRL_1695 | ||
| 005 | 20190320211327.0 | ||
| 008 | 270514s1950----nyuao#####---#000-0#eng-# | ||
| 041 | _aeng | ||
| 044 | _anyu | ||
| 050 | 4 |
_aNA720 _b.S3 1950 |
|
| 100 | 1 |
_aSanford, Trent Elwood _d1897- _927653 |
|
| 245 | 1 | 0 |
_aThe architecture of the southwest _bIndian, Spanish, American _cby Trent Elwood Sanford. |
| 260 |
_aNew York _bW. W. Norton & Company _c1950 |
||
| 300 |
_axii, 312 p. _bil., mapas _c24 cm. |
||
| 500 | _aAu2166 | ||
| 650 | 1 | 4 |
_aArquitectura _zSuroeste de Estados Unidos _927654 |
| 902 | _aGRL | ||
| 942 |
_2lcc _cB |
||
| 999 |
_c10503 _d10503 |
||